| 000 -LEADER |
| fixed length control field |
00747nam a22001577a 4500 |
| 003 - CONTROL NUMBER IDENTIFIER |
| control field |
OSt |
| 005 - DATE AND TIME OF LATEST TRANSACTION |
| control field |
20150923100809.0 |
| 008 - FIXED-LENGTH DATA ELEMENTS--GENERAL INFORMATION |
| fixed length control field |
150921b xxu||||| |||| 00| 0 eng d |
| 040 ## - CATALOGING SOURCE |
| Transcribing agency |
RUA |
| 082 ## - DEWEY DECIMAL CLASSIFICATION NUMBER |
| Classification number |
AGR CHH 2010 BO43 Or.1 |
| 100 ## - MAIN ENTRY--PERSONAL NAME |
| 9 (RLIN) |
1031 |
| Personal name |
CHHORN, SOPHORN |
| 245 ## - TITLE STATEMENT |
| Title |
Effect of hill spacing on IR 66 and tronning rice varieties in kriang yov commune, saang district, kAndal province ឥទ្ធិពលចន្លោះគុម្ពលើពូជស្រូវអ៊ីអ៊ែ៦៦ និងពូជស្រូវទ្រនុង នៅឃុំក្រៃងយ៉ូវ ស្រុកស្អាង ខេត្តកណ្តាល. |
| 260 ## - PUBLICATION, DISTRIBUTION, ETC. (IMPRINT) |
| Place of publication, distribution, etc. |
phnom phen |
| Name of publisher, distributor, etc. |
RUA |
| Date of publication, distribution, etc. |
2010 |
| 300 ## - PHYSICAL DESCRIPTION |
| Extent |
IX,52P. |
| Other physical details |
ILL. |
| Dimensions |
29CM. |
| 942 ## - ADDED ENTRY ELEMENTS (KOHA) |
| Source of classification or shelving scheme |
|
| Koha item type |
AGR |